Повышение конкурентоспособности в странах Центральной Азии.

- Предисловие - Сокращения и условные обозначения - Основные положения - Региональная повестка диверсификации экономики в странах Центральной Азии - Совершенствование делового климата: доступ к финансированию - Совершенствование делового климата: выход компаний на международный рынок - Совершенствов...

Full description

Bibliographic Details
Main Author: OECD.
Format: eBook
Language:Russian
Published: Paris : OECD Publishing, 2018.
Edition:1st ed.
Subjects:
Online Access:Click to View
LEADER 04948nam a22003733i 4500
001 EBC6411142
003 MiAaPQ
005 20231204023215.0
006 m o d |
007 cr cnu||||||||
008 231204s2018 xx o ||||0 rus d
020 |a 9789264290129  |q (electronic bk.) 
020 |z 9789264290112 
035 |a (MiAaPQ)EBC6411142 
035 |a (Au-PeEL)EBL6411142 
035 |a (OCoLC)1225554130 
040 |a MiAaPQ  |b eng  |e rda  |e pn  |c MiAaPQ  |d MiAaPQ 
100 1 |a OECD. 
245 1 0 |a Повышение конкурентоспособности в странах Центральной Азии. 
250 |a 1st ed. 
264 1 |a Paris :  |b OECD Publishing,  |c 2018. 
264 4 |c {copy}2018. 
300 |a 1 online resource (242 pages) 
336 |a text  |b txt  |2 rdacontent 
337 |a computer  |b c  |2 rdamedia 
338 |a online resource  |b cr  |2 rdacarrier 
505 0 |a Intro -- Предисловие -- Выражение признательности -- Содержание -- Сокращения и условные обозначения -- Основные положения -- Глава 1. Региональная повестка диверсификации экономики в странах Центральной Азии -- Потребность в диверсификации -- Повышение качества государственного управления -- Развитие торгово-транспортной связности -- Совершенствование делового климата -- Примечания -- Библиография -- Глава 2. Совершенствование делового климата: доступ к финансированию -- Контекст -- Монголия: обеспечение доступа к финансированию для микропредприятий, малых и средних предприятий -- Таджикистан: Содействие продуктивному использованию денежных переводов для финансирования предпринимательства -- Кыргызстан: финансирование цепочки поставок в сельском хозяйстве -- Примечания -- Библиография -- Глава 3. Совершенствование делового климата: выход компаний на международный рынок -- Контекст -- Узбекистан: развитие и расширение системы стимулирования экспорта -- Кыргызстан: реконструкция системы стимулирования инвестиций -- Таджикистан: Увеличение объемов экспорта агропромышленной продукции -- Примечания -- Библиография -- Глава 4. Совершенствование делового климата: квалификация кадров -- Контекст -- Казахстан: разработка профессиональных стандартов -- Кыргызстан: внедрение программ обучения на рабочем месте -- Примечания -- Библиография -- Приложение A. Краткая информация о странах -- Приложение B. Подробности проектов по разным странам. 
520 |a - Предисловие - Сокращения и условные обозначения - Основные положения - Региональная повестка диверсификации экономики в странах Центральной Азии - Совершенствование делового климата: доступ к финансированию - Совершенствование делового климата: выход компаний на международный рынок - Совершенствование делового климата: квалификация кадров - Краткая информация о странах - Подробности проектов по разным странам. 
588 |a Description based on publisher supplied metadata and other sources. 
590 |a Electronic reproduction. Ann Arbor, Michigan : ProQuest Ebook Central, 2023. Available via World Wide Web. Access may be limited to ProQuest Ebook Central affiliated libraries.  
655 4 |a Electronic books. 
776 0 8 |i Print version:  |a OECD  |t Повышение конкурентоспособности в странах Центральной Азии  |d Paris : OECD Publishing,c2018  |z 9789264290112 
797 2 |a ProQuest (Firm) 
856 4 0 |u https://ebookcentral.proquest.com/lib/matrademy/detail.action?docID=6411142  |z Click to View